| 000 | 01210nam a2200253Ia 4500 | ||
|---|---|---|---|
| 003 | Ost | ||
| 005 | 20260507074917.0 | ||
| 008 | 260507s9999||||xx |||||||||||||| ||und|| | ||
| 020 | _a9789957243265 | ||
| 040 | _cfsecg | ||
| 041 | _aara | ||
| 082 | _a658.403 | ||
| 100 |
_aعليان، ربحي مصطفى _eمؤلف |
||
| 245 | 0 |
_aإدارة المعرفة / _c ربحي مصطفى عليان |
|
| 260 |
_aعمان: _bدار صفاء, _c2007 |
||
| 300 |
_a471 صفحة؛ _bإيضاحات ؛ _c24 سم |
||
| 504 | _aببليوغرافيا: ص. 461 | ||
| 520 | _aمدخل الى الادارة، هرمية المعرفة، المعرفة انواعها وخصائصها، ادارة المعرفة، عمليات ادارة المعرفة ونماذجها، نظم المعلومات الادارية وادارة المعرفة، مجتمع المعلومات ومجتمع المعرفة والواقع العربي، اقتصاد المعرفة، أوعية المعرفة، مشكلات ادارة المعرفة | ||
| 653 | _aالادارة | ||
| 653 | _aالاقتصاد | ||
| 653 | _aالمعرفة | ||
| 653 | _aنظم المعلومات- المؤسسة الممتدة | ||
| 942 | _cكتاب | ||
| 999 |
_c41780 _d41780 |
||